000 00557nam a2200217 a 4500
001 1862647
005 20180123045045.0
008 830228s1982 azua 001 0 eng
010 _a 82082769
020 _a0895861976 (pbk.):
_c$5.95
040 _aDLC
_cDLC
_dDLC
041 _aeng
080 _a770.283
082 0 0 _a770.283
_219
100 _a46
101 _aedu
245 0 0 _aBasic guide to creative darkroom techniques.
740 0 _aCreative darkroom techniques.
906 _a7
_bcbc
_corignew
_d2
_eopcn
_f19
_gy-gencatlg
942 _2ddc
_cBK
999 _c40761
_d40761